| 000 | 00612nam a2200157Ia 4500 | ||
|---|---|---|---|
| 008 | 230921s9999||||xx |||||||||||||| ||und|| | ||
| 020 | _a978-3-319-78151-8 | ||
| 041 | _aEN | ||
| 100 | _aPeter Jackson, Helene Brembeck, Jonathan Everts, Maria Fuentes, Bente Halkier, Frej Daniel Hertz, Angela Meah, Valerie Viehoff, Christine Wenzl | ||
| 245 | 0 | _aReframing Convenience Food | |
| 250 | _a1st ed. 2018 | ||
| 260 |
_c2018 _bSpringer International Publishing |
||
| 856 | _uhttps://doi.org/10.1007/978-3-319-78151-8 | ||
| 856 | _uhttps://link.springer.com/openurl?genre=book&isbn=978-3-319-78151-8 | ||
| 942 | _cEB | ||
| 999 |
_c249653 _d249653 |
||